LEADER 01016nam a2200217 4500 001 000000364608 003 CaOOAMICUS 005 20251007162527.0 008 251007s1879 it 000 u ita r 040 $aSeMil$bita 100 1 $aBiondelli, Bernardino <1804-1886>.$0(OLS)http://semarc/name/11753 245 10$aBellinzona e le sue monete edite ed inedite :$b(Origine del Canton Ticino) /$cB. Biondelli. 264 1$aMilano :$bTip. Bernardoni di C. Rebeschini e C.,$c1879. 300 $a35 p. ;$c25 cm 850 $aSeMil 852 $aSeMil$W1$xVenegono$y1$m5B VIII 10/10$j262939$B255466$CSeMilBibl$Z2$F255466 $8I 961 $aRecupero da Biblioteca Seminario liceale - Monza 961 $aEtichetta della Biblioteca del Seminario liceale di Monza 996 $6245$aBellinzona e le sue monete edite ed inedite :$b(Origine del Canton Ticino)$9(OLS)http://semarc/title/456030 996 $6264$aMilano :$bTip. Bernardoni di C. Rebeschini e C.$9(OLS)http://semarc/publisher/40805 LEADER 01215nam a2200229 i 4500 001 000000191921 003 CaOOAMICUS 005 20250114145625.0 008 150818s1771 it u000 u ita u 013 $a170493 026 $atia- o.o- 4.o, opDi (3) 1771 (R) 040 $aSeMil$bita 245 00$aTomo 1. Dalla domenica prima dell'Avvento fino alla Pasqua della Risurrezione. 264 1$aIn Milano :$bNella Stamperia di Giuseppe Maganza,$c1770. 300 $a223 [i.e. 219], [1] p. 500 $aSegn.: A4 B-N8 O10 773 0 $tLezioni del santo Vangelo secondo il rito ambrosiano concordate colle lezioni del santo Vangelo secondo il rito romano, e spiegate secondo i sensi letterale, allegorico, anagogico, e tropologico .. Anno Primo. Tomo 1. [-2.].$dIn Milano : Nella Stamperia di Giuseppe Maganza, 1771-1772.$g1$w()32465 850 $aSeMil 852 $aSeMil$W1$xVenegono$y1$m3F IV 293 FA$j142506$B142506$CSeMilBibl$Z2$F154069 $8I 996 $6245$aTomo 1. Dalla domenica prima dell'Avvento fino alla Pasqua della Risurrezione$9(OLS)http://semarc/title/276464 996 $6264$aIn Milano :$bNella Stamperia di Giuseppe Maganza$9(OLS)http://semarc/publisher/39339